Plane and geodetic surveying for engineers. Volume one. Plane surveying. (Record no. 85864)

MARC details
000 -LEADER
fixed length control field 00576cam a2200217 4500
001 - CONTROL NUMBER
control field D12403
008 - FIXED-LENGTH DATA ELEMENTS--GENERAL INFORMATION
fixed length control field 090401t1969 xxu||||| |||| 00| 0 eng d
035 ## - SYSTEM CONTROL NUMBER
System control number (Sirsi) u3254
041 ## - LANGUAGE CODE
Language code of text/sound track or separate title eng
100 ## - MAIN ENTRY--PERSONAL NAME
Personal name Clark, David
245 ## - TITLE STATEMENT
Title Plane and geodetic surveying for engineers. Volume one. Plane surveying.
250 ## - EDITION STATEMENT
Edition statement 6th ed.
260 ## - PUBLICATION, DISTRIBUTION, ETC.
Place of publication, distribution, etc. London
Name of publisher, distributor, etc. Constable
Date of publication, distribution, etc. 1969
300 ## - PHYSICAL DESCRIPTION
Extent 463p. : ill. ; 22cm.
350 ## - PRICE (NR) (BK AM CF MU VM SE) [OBSOLETE]
Price 0
520 ## - SUMMARY, ETC.
Summary, etc. Sixth edition revised by J.E. Jackson.
650 ## - SUBJECT ADDED ENTRY--TOPICAL TERM
Topical term or geographic name entry element PLANE SURVEYING
700 ## - ADDED ENTRY--PERSONAL NAME
Personal name Jackson, J.E.
942 ## - ADDED ENTRY ELEMENTS (KOHA)
Suppress in OPAC 0
948 ## - LOCAL PROCESSING INFORMATION (OCLC); SERIES PART DESIGNATOR (RLIN)
c (OCLC) 04/03/1997
Holdings
Withdrawn status Lost status Source of classification or shelving scheme Damaged status Not for loan Home library Current library Shelving location Date acquired Total Checkouts Full call number Barcode Date last seen Copy number Price effective from Koha item type
    Dewey Decimal Classification     London London Basement 14/09/1999   SHELF 114 30010967 06/08/2019 1 06/08/2019 Reference material